LEADER 01099nam--2200373---450- 001 990001221950203316 005 20080926162708.0 010 $a978-88-8483-536-9 035 $a000122195 035 $aUSA01000122195 035 $a(ALEPH)000122195USA01 035 $a000122195 100 $a20031027d2007----||itac50 ba 101 $aita 102 $aIT 200 1 $aFisica$fAristotele$gsaggio introduttivo, traduzione, note e apparati di Luigi Ruggiu 210 $aMilano$cMimesis$dcopyr.2007 215 $aLXVI, 533 p.$d21 cm 225 0 $a<> scala e l'album 410 1$1001$12001$a<> scala e l'album 676 $a185 700 0$aARISTOTELES$04207 702 1$aRUGGIU,$bLuigi 801 0$aIT$bICCU$c20080817 912 $a990001221950203316 951 $aII.1.A. 1261$b210813 L.M.$cII.1.A.$d00131918 959 $aBK 969 $aUMA 979 $aMARIA$b10$c20031027$lUSA01$h1316 979 $aMARIA$b10$c20040218$lUSA01$h1236 979 $aPATRY$b90$c20040406$lUSA01$h1727 979 $aPATRY$b90$c20080926$lUSA01$h1627 996 $aPhysica$920008 997 $aUNISA LEADER 03786nam 2200697 a 450 001 9910459738003321 005 20200520144314.0 010 $a1-282-95127-0 010 $a9786612951275 010 $a90-474-4420-5 035 $a(CKB)2670000000066370 035 $a(EBL)635048 035 $a(OCoLC)695988875 035 $a(SSID)ssj0000435326 035 $a(PQKBManifestationID)11307968 035 $a(PQKBTitleCode)TC0000435326 035 $a(PQKBWorkID)10421252 035 $a(PQKB)10448522 035 $a(MiAaPQ)EBC635048 035 $a(OCoLC)435879505$z(OCoLC)499583207 035 $a(nllekb)BRILL9789047444206 035 $a(PPN)170756122 035 $a(Au-PeEL)EBL635048 035 $a(CaPaEBR)ebr10439201 035 $a(CaONFJC)MIL295127 035 $a(EXLCZ)992670000000066370 100 $a20090923d2010 uy 0 101 0 $aeng 135 $aurun####uuuua 181 $ctxt 182 $cc 183 $acr 200 10$aDeforestation and reforestation in Namibia the global consequences of local contradictions$b[electronic resource] /$fby Emmanuel Kreike 210 $aLeiden ;$aBoston $cBrill$d2010 215 $a1 online resource (244 p.) 225 1 $aAfrika-Studiecentrum series,$x1570-9310 ;$vv. 17 300 $aDescription based upon print version of record. 311 $a90-04-17991-7 320 $aIncludes bibliographical references and index. 327 $tPreliminary Material /$rE. Kreike --$t1. Approaches To Environmental Change /$rE. Kreike --$t2. Tree Castles And Population Bombs /$rE. Kreike --$t3. Conquest Of Nature: Imperial Political Ecologies /$rE. Kreike --$t4. Fierce Species: Biological Imperialism /$rE. Kreike --$t5. Guns, Hoes And Steel: Techno-Environmental Determinism /$rE. Kreike --$t6. Naturalizing Cattle Culture: Colonialism As A Deglobalizing And Decommodifying Force /$rE. Kreike --$t7. The Palenque Paradox: Beyond Nature-To-Culture /$rE. Kreike --$t8. The Ovambo Paradox And Environmental Pluralism /$rE. Kreike --$tBibliography /$rE. Kreike --$tIndex /$rE. Kreike. 330 $aDescriptions of the late 1800's landscape in the Ovambo floodplain in north-central Namibia closely match the area?s late 1900's appearance, suggesting that little change occurred between the pre-colonial baseline and the postcolonial outcome. Yet, paradoxically, colonial conquest, population pressure, biological invasions, new technology, and economic globalization caused both dramatic deforestation and reforestation in less than a century. The paradox stems from the fact that the prevailing global environmental models obscure and homogenize the process of environmental change: different and contradictory interpretations are dismissed as alternative readings or misreadings of the same process. Deforestation and Reforestation , however, argues that the paradox highlights the need to reframe environmental change as plural processes occurring along multiple trajectories that may be dissynchronized and asymmetrical. 410 0$aAfrika-Studiecentrum series ;$vv. 17. 606 $aDeforestation$zNamibia 606 $aReforestation$zNamibia 606 $aEnvironmental policy$zNamibia 606 $aGlobal environmental change 607 $aNamibia$xEnvironmental conditions 608 $aElectronic books. 615 0$aDeforestation 615 0$aReforestation 615 0$aEnvironmental policy 615 0$aGlobal environmental change. 676 $a333.75096881 700 $aKreike$b Emmanuel$f1959-$0984699 801 0$bMiAaPQ 801 1$bMiAaPQ 801 2$bMiAaPQ 906 $aBOOK 912 $a9910459738003321 996 $aDeforestation and reforestation in Namibia the global consequences of local contradictions$92250156 997 $aUNINA LEADER 01787nam 2200565 450 001 9910818751803321 005 20170924193045.0 010 $a1-4704-2505-X 035 $a(CKB)3710000000851219 035 $a(SSID)ssj0001515830 035 $a(PQKBManifestationID)12584614 035 $a(PQKBTitleCode)TC0001515830 035 $a(PQKBWorkID)11482576 035 $a(PQKB)10028783 035 $a(MiAaPQ)EBC4832026 035 $a(RPAM)18587587 035 $a(PPN)188391487 035 $a(EXLCZ)993710000000851219 100 $a20170411h20152015 uy 0 101 0 $aeng 135 $aurcnu|||||||| 181 $ctxt 182 $cc 183 $acr 200 10$aMultiple-Hilbert transforms associated with polynomials /$fJoonil Kim 210 1$aProvidence, Rhode Island :$cAmerican Mathematical Society,$d2015. 210 4$dİ2015 215 $a1 online resource (125 pages) 225 1 $aMemoirs of the American Mathematical Society,$x1947-6221 ;$vVolume 237, Number 1119 300 $aBibliographic Level Mode of Issuance: Monograph 311 $a1-4704-1435-X 320 $aIncludes bibliographical references. 410 0$aMemoirs of the American Mathematical Society ;$vVolume 237, Number 1119. 606 $aTransformations (Mathematics) 606 $aHilbert transform 606 $aPolynomials 606 $aPolyhedra 615 0$aTransformations (Mathematics) 615 0$aHilbert transform. 615 0$aPolynomials. 615 0$aPolyhedra. 676 $a515/.723 700 $aKim$b Joonil$f1970-$01722368 801 0$bMiAaPQ 801 1$bMiAaPQ 801 2$bMiAaPQ 906 $aBOOK 912 $a9910818751803321 996 $aMultiple-Hilbert transforms associated with polynomials$94122664 997 $aUNINA